الصحة : مجله صحيه علميه ثقافيه / (رقم التسجيلة. 95866)

تفاصيل مارك
000 -LEADER
fixed length control field 00450nas a22001697a 4500
005 - DATE AND TIME OF LATEST TRANSACTION
control field 20251108173106.0
008 - FIXED-LENGTH DATA ELEMENTS--GENERAL INFORMATION
fixed length control field 250721s9999 xx qr 000 0 ara d
082 14 - DEWEY DECIMAL CLASSIFICATION NUMBER
Classification number م/610.5/صحه
245 10 - TITLE STATEMENT
Title الصحة : مجله صحيه علميه ثقافيه /
264 1# - PRODUCTION, PUBLICATION, DISTRIBUTION, MANUFACTURE, AND COPYRIGHT NOTICE
Place of production, publication, distribution, manufacture عمان :
Name of producer, publisher, distributor, manufacturer وزارة الصحة،
310 ## - CURRENT PUBLICATION FREQUENCY
Current publication frequency Quarterly
650 17 - SUBJECT ADDED ENTRY--TOPICAL TERM
Topical term or geographic name as entry element الطب
650 17 - SUBJECT ADDED ENTRY--TOPICAL TERM
Topical term or geographic name as entry element دوريات
650 17 - SUBJECT ADDED ENTRY--TOPICAL TERM
Topical term or geographic name as entry element الصحة
942 ## - ADDED ENTRY ELEMENTS (KOHA)
Source of classification or shelving scheme Dewey Decimal Classification
Koha item type دوريات
المقتنيات
حالة السحب حالة الفقدان مصدر التصنيف حالة التلف غير قابل للإعارة المكتبة الرئيسية المكتبة الحالية موقع الرف تاريخ التزويد الرقم المتسلسل Total Checkouts رقم الإستدعاء الباركود تاريخ آخر ظهور تاريخ الفاتورة نوع المادة (كوها)
    Dewey Decimal Classification   Not For Loan المكتبة المركزية المكتبة المركزية مراجع 28/07/2025 97821   م/610.5/صحه 97821 28/07/2025 28/07/2025 دوريات
    Dewey Decimal Classification   Not For Loan المكتبة المركزية المكتبة المركزية مراجع 28/07/2025 97820   م/610.5/صحه 97820 28/07/2025 28/07/2025 دوريات
    Dewey Decimal Classification   Not For Loan المكتبة المركزية المكتبة المركزية مراجع 28/07/2025 97818   م/610.5/صحه 97818 28/07/2025 28/07/2025 دوريات
    Dewey Decimal Classification   Not For Loan المكتبة المركزية المكتبة المركزية مراجع 28/07/2025 97819   م/610.5/صحه 97819 28/07/2025 28/07/2025 دوريات
Implemented & Customized by: BBB with SCIT (Smart Chains for Information Technology)

Powered by Koha